| 000 | 00438nam a2200181Ia 4500 | ||
|---|---|---|---|
| 001 | 968 | ||
| 005 | 20260306140557.0 | ||
| 008 | 260306t2000||||xx |||||||||||||| ||spa|| | ||
| 041 | _aESP | ||
| 082 |
_a174.4 _bV34 |
||
| 100 |
_aVelásquez, Manuel G. _eAUT |
||
| 245 | 0 |
_aÉtica en los negocios: _bconceptos y casos |
|
| 260 | _c2000 | ||
| 300 |
_ax, 510 páginas : _c23 cm. |
||
| 650 | _aGEN | ||
| 654 | _aCHU | ||
| 942 |
_cLIB _dJUS _fJUS _2ddc _n |
||
| 999 |
_c968 _d968 |
||